| 000 | 01194cab a2200289 4500 | ||
|---|---|---|---|
| 001 | ABS50777 | ||
| 008 | 090401t1994 xxu||||| |||| 00| 0 eng d | ||
| 035 | _a(Sirsi) u43268 | ||
| 041 | _aeng | ||
| 245 | _aFocus `94: urban regeneration | ||
| 260 | _c1994 | ||
| 350 | _a0 | ||
| 490 |
_aEstates Gazette _v(9421) 28 May 1994, 93-112(12) |
||
| 520 | _aA feature on government initiatives for reviving city centres including the Government Regional Office, the Single Regeneration Budget, the Private Finance Initiative, English Partnerships and City Challenge. Marks out the university sector as a vehicle for growth and debates the pros and cons of state intervention. Claims that despite government intentions, the Environmental Protection Act 1990 is discouraging reuse of contaminated sites. | ||
| 650 | _aCITY PRIDE | ||
| 650 | _aCONTAMINATED LAND | ||
| 650 | _aCOVENTRY UNIVERSITY | ||
| 650 | _aENTERPRIZE ZONES | ||
| 650 | _aENVIRONMENTAL PROTECTION ACT 1990 | ||
| 650 | _aLAND RECLAMATION | ||
| 650 | _aPRIVATE FINANCE INITIATIVE | ||
| 650 | _aPULVERISED FUEL ASH | ||
| 650 | _aSUNDERLAND UNIVERSITY | ||
| 690 | _aURBAN RENEWAL | ||
| 942 | _n0 | ||
| 948 | _c04/03/1997 | ||
| 999 |
_c27655 _d27655 |
||